France... ou Argentine ? - Statistiques

Statistiques générales
  • Ce quiz a été pris 69 030 fois
  • Le résultat moyen est 11 sur 15
Statistiques - réponses
Question Réponse % Correct
A un drapeau bleu-blanc-rouge France
95%
Est le pays natal de Che Guevara Argentine
93%
A déjà eu une femme pour présidente Argentine
92%
A le plus grand pourcentage de musulmans France
92%
Possède des chinchillas à l'état sauvage Argentine
88%
Possède l'arme nucléaire France
88%
A la plus grande superficie Argentine
87%
A remporté la Coupe du Monde en premier Argentine
82%
Possède du territoire sur le continent sudaméricain Les deux
82%
A été le lieu de naissance d'un pape Les deux
69%
A le plus d'habitants France
68%
Possède le point culminant le plus haut Argentine
48%
A déjà été en guerre contre le Royaume-Uni Les deux
47%
Était autrefois peuplée par Homo Neanderthalensis France
41%
Revendique une partie de l'Antarctique Les deux
37%
Aucun quiz correspondant
Distribution des résultats
% des personnes avec chaque résultat
Percentile par nombre de réponses
Votre historique - résultats
Vous n’avez pas pris ce quiz